00457nam a22001337a 450000500170000000800410001704000060005808200150006410000340007924500980011326000380021150000390024965000350028820180809135208.0180809b ||||| |||| 00| 0 eng d c  aG5x54 In2r aIndia. Parliament Secretariat aRules of procedure and conduct of business in the Hosue of Peoplebby Parliament Secretariat aNew DelhibParliament Secretariat aLibrary has 1952, 1957, 1967, 2000 aParliamentary practice - India